| 000 | 00414nam a22001457a 4500 | ||
|---|---|---|---|
| 003 | OSt | ||
| 005 | 20260220114746.0 | ||
| 008 | 260220b |||||||| |||| 00| 0 eng d | ||
| 040 | _cIIMT UNIVERSITY CENTRAL LIBRARY2- GREATER NOIDA | ||
| 100 | _aE. BALAGURUSAMY | ||
| 245 | _aINTRODUCTION TO COMPUTING AND PROBLEM SOLVING USING PYTHON | ||
| 260 |
_aNEW DELHI _bMC GRAW HILL _c2026 |
||
| 300 | _a376 | ||
| 942 |
_2ddc _c02 |
||
| 999 |
_c67065 _d67065 |
||